[Event "Women's Speed Chess Q2"]
[Site "chess.com INT"]
[Date "2020.06.19"]
[Round "8"]
[White "Lesbekova, Asel"]
[Black "Zhukova, Natalia"]
[Result "0-1"]
[WhiteTitle "WCM"]
[BlackTitle "GM"]
[WhiteElo "1920"]
[BlackElo "2328"]
[WhiteFideId "13713248"]
[BlackFideId "14101513"]
[EventDate "2020.06.19"]

1. e4 e5 2. Nf3 Nc6 3. d4 exd4 4. Nxd4 Nf6 5. Nxc6 bxc6 6. Qe2 d5 7. exd5+ Be7
8. dxc6 O-O 9. Be3 Rb8 10. c3 Re8 11. Qd2 Bd6 12. Bd3 Ng4 13. Na3 Nxe3 14. fxe3
Qh4+ 15. Kd1 Bxa3 16. bxa3 Rd8 17. Kc2 Qa4+ 18. Kc1 Qxa3+ 19. Kd1 Ba6 20. Ke2
Rb2 0-1

[Event "Women's Speed Chess Q2"]
[Site "chess.com INT"]
[Date "2020.06.19"]
[Round "8"]
[White "Filippova, Margarita"]
[Black "Keetman, Maaike"]
[Result "0-1"]
[WhiteTitle "WFM"]
[BlackTitle "WFM"]
[WhiteElo "1931"]
[BlackElo "2169"]
[WhiteFideId "34199680"]
[BlackFideId "1033697"]
[EventDate "2020.06.19"]

1. Nf3 e6 2. c4 Nf6 3. Nc3 d5 4. d4 Bb4 5. e3 O-O 6. Bd3 dxc4 7. Bxc4 c5 8. O-O
cxd4 9. exd4 Nc6 10. Bg5 h6 11. Bh4 b6 12. a3 Be7 13. Rc1 Bb7 14. Qd2 Rc8 15.
Bd3 Na5 16. Ne5 Nb3 17. Qe3 Nxc1 18. Rxc1 Nd5 19. Nxd5 Qxd5 20. Nf3 Rxc1+ 21.
Qxc1 Bxh4 22. Nxh4 Qxd4 23. Qc4 Qxc4 24. Bxc4 Rd8 25. Kf1 Rd4 0-1

[Event "Women's Speed Chess Q2"]
[Site "chess.com INT"]
[Date "2020.06.19"]
[Round "8"]
[White "Monteiro, Sara Cristina da Silva"]
[Black "Andriasyan, Siranush"]
[Result "0-1"]
[WhiteTitle "WCM"]
[BlackTitle "WIM"]
[WhiteElo "1709"]
[BlackElo "2298"]
[WhiteFideId "1909860"]
[BlackFideId "13301926"]
[EventDate "2020.06.19"]

1. d4 Nf6 2. Bg5 c6 3. c3 d5 4. Nf3 Bf5 5. e3 e6 6. Bd3 Bxd3 7. Qxd3 Qb6 8. b3
Be7 9. O-O Nbd7 10. Nbd2 O-O 11. e4 dxe4 12. Nxe4 h6 13. Nxf6+ Bxf6 14. Bxf6
Nxf6 15. Ne5 c5 16. Nc4 Qc7 17. dxc5 Qxc5 18. Kh1 Rfd8 19. Qe2 b5 20. Ne3 a6 21.
Rac1 Rac8 22. c4 b4 23. Rfd1 Ne4 24. Rxd8+ Rxd8 25. Nd1 f5 26. Ne3 Rd2 27. Qh5
Nxf2+ 28. Kg1 Qxe3 29. Qe8+ Kh7 0-1

[Event "Women's Speed Chess Q2"]
[Site "chess.com INT"]
[Date "2020.06.19"]
[Round "8"]
[White "Fuentes Inzunza, Lesly"]
[Black "Golubenko, Valentina"]
[Result "0-1"]
[WhiteTitle "WFM"]
[BlackTitle "WGM"]
[WhiteElo "1840"]
[BlackElo "2209"]
[WhiteFideId "3408205"]
[BlackFideId "4501993"]
[EventDate "2020.06.19"]

1. d4 g6 2. c4 Bg7 3. Nc3 c5 4. e3 cxd4 5. exd4 Nc6 6. Nf3 d6 7. h3 Nf6 8. Be2
O-O 9. O-O e5 10. d5 Ne7 11. Bg5 h6 12. Be3 Nf5 13. Qd2 a6 14. Nh2 Bd7 15. Ng4
Nxg4 16. hxg4 Nxe3 17. fxe3 f5 18. gxf5 Bxf5 19. e4 Bd7 20. Rxf8+ Qxf8 21. Rf1
Qe7 22. Nd1 b5 23. b3 bxc4 24. Bxc4 Bb5 25. Ne3 h5 26. Qe2 Bh6 27. a4 Be8 28.
Rf3 Bd7 29. Qf2 a5 30. Rf6 Bxe3 31. Rxg6+ Kh7 32. Qxe3 Kxg6 33. Qg3+ Qg5 34.
Qxg5+ Kxg5 0-1

[Event "Women's Speed Chess Q2"]
[Site "chess.com INT"]
[Date "2020.06.19"]
[Round "8"]
[White "Vifleemskaia, Svetlana"]
[Black "Tarleva, Vira"]
[Result "1-0"]
[WhiteTitle "WFM"]
[BlackTitle "WFM"]
[WhiteElo "1943"]
[BlackElo "2030"]
[WhiteFideId "4129490"]
[BlackFideId "14116693"]
[EventDate "2020.06.19"]

1. d4 d5 2. c4 c6 3. cxd5 cxd5 4. Bf4 Nc6 5. e3 Nf6 6. Nc3 e6 7. Bd3 a6 8. Rc1
Bd6 9. Bxd6 Qxd6 10. f4 O-O 11. Nf3 b5 12. O-O Na5 13. Qe2 Bb7 14. Ne5 Nd7 15.
b3 h6 16. Bb1 Rac8 17. Qd2 Nf6 18. Nxb5 axb5 19. Qxa5 b4 20. Rc5 Ba6 21. Rfc1
Ne4 22. Rc6 Rxc6 23. Rxc6 Qe7 24. Bxe4 dxe4 25. Qxa6 1-0

[Event "Women's Speed Chess Q2"]
[Site "chess.com INT"]
[Date "2020.06.19"]
[Round "8"]
[White "Shevtchenko, Olesya"]
[Black "Kubicka, Anna"]
[Result "1/2-1/2"]
[WhiteTitle "WFM"]
[BlackTitle "WIM"]
[WhiteElo "2054"]
[BlackElo "2256"]
[WhiteFideId "24131890"]
[BlackFideId "1152254"]
[EventDate "2020.06.19"]

1. e4 c5 2. Nf3 d6 3. d4 cxd4 4. Nxd4 Nf6 5. Nc3 a6 6. Nb3 Nbd7 7. g4 h6 8. Bg2
Ne5 9. h3 g6 10. f4 Nc6 11. Qe2 Bg7 12. Be3 Qc7 13. O-O-O O-O 14. Bf3 b5 15. h4
b4 16. g5 bxc3 17. gxf6 cxb2+ 18. Kb1 Bxf6 19. f5 Ne5 20. Bd4 Nc4 21. Bxf6 exf6
22. Rd3 Ne5 23. Qd2 Nxd3 24. cxd3 Bb7 25. Qxh6 Rac8 26. Rh2 d5 27. Rg2 dxe4 28.
dxe4 Qe7 29. Kxb2 Bxe4 30. Bxe4 Qxe4 31. Rxg6+ fxg6 32. Qxg6+ Kh8 33. Qh6+ Kg8
34. Qg6+ Kh8 35. Qh6+ Kg8 36. Qg6+ 1/2-1/2

[Event "Women's Speed Chess Q2"]
[Site "chess.com INT"]
[Date "2020.06.19"]
[Round "8"]
[White "Protopopova, Anastasiya"]
[Black "Cagara, Paulina"]
[Result "0-1"]
[WhiteTitle "WFM"]
[WhiteElo "2192"]
[BlackElo "2054"]
[WhiteFideId "24172073"]
[BlackFideId "1124870"]
[EventDate "2020.06.19"]

1. d4 f5 2. c4 Nf6 3. Nf3 g6 4. g3 Bg7 5. Bg2 O-O 6. O-O d5 7. Nc3 e6 8. Ne5 c6
9. b4 Nbd7 10. b5 Nxe5 11. dxe5 Nd7 12. f4 dxc4 13. bxc6 bxc6 14. Qd6 Nb6 15.
Qxc6 Qd4+ 16. Kh1 Qxc3 17. Rb1 Bd7 18. Qd6 Rad8 19. Bb2 Qa5 20. Rfc1 Bc8 21. Qe7
Nd5 22. Qa3 Qd2 23. Rxc4 Ne3 24. Rcc1 Nxg2 25. Kxg2 Bb7+ 26. Kh3 Qxe2 27. Rg1
Qh5# 0-1

[Event "Women's Speed Chess Q2"]
[Site "chess.com INT"]
[Date "2020.06.19"]
[Round "8"]
[White "Kiran, Manisha Mohanty"]
[Black "Petrova, Irina"]
[Result "0-1"]
[WhiteTitle "WGM"]
[BlackTitle "WIM"]
[WhiteElo "2168"]
[BlackElo "2087"]
[WhiteFideId "5019575"]
[BlackFideId "14124122"]
[EventDate "2020.06.19"]

1. e4 d6 2. d4 Nf6 3. Nc3 e5 4. Nf3 Nbd7 5. g4 g6 6. g5 Nh5 7. dxe5 dxe5 8. Be2
Bg7 9. Be3 c6 10. Qd6 Bf8 11. Qd2 Bg7 12. O-O-O O-O 13. h4 Qa5 14. Kb1 b5 15. a3
Nb6 16. Nh2 Be6 17. Bxh5 Nc4 18. Qe1 gxh5 19. Nd5 Nxa3+ 20. bxa3 Qxa3 21. Qb4
Qa6 22. Nf6+ Kh8 23. Qb2 b4 24. Nf1 b3 25. c3 Rab8 26. Nd2 Qa4 27. f4 exf4 28.
Bd4 a5 29. Nxh5 Bxd4 30. cxd4 Qa2+ 31. Qxa2 bxa2+ 32. Ka1 Bg4 33. Nxf4 Bxd1 34.
Rxd1 Rb4 35. Ne2 Rfb8 36. Kxa2 Ra4# 0-1

[Event "Women's Speed Chess Q2"]
[Site "chess.com INT"]
[Date "2020.06.19"]
[Round "8"]
[White "Franco Valencia, Beatriz Irene"]
[Black "Huda, Maryana"]
[Result "0-1"]
[WhiteTitle "WGM"]
[BlackTitle "WGM"]
[WhiteElo "2103"]
[BlackElo "2128"]
[WhiteFideId "4402618"]
[BlackFideId "14116553"]
[EventDate "2020.06.19"]

1. d4 d5 2. c4 c6 3. cxd5 cxd5 4. Bf4 Nf6 5. Nc3 Nc6 6. e3 a6 7. Bd3 e6 8. Rc1
Bd6 9. Bxd6 Qxd6 10. f4 b5 11. Nf3 Bd7 12. O-O O-O 13. Ne5 Rfc8 14. Rf3 g6 15.
Rf1 Be8 16. Qe2 Na5 17. Qf2 Nc4 18. b3 Na3 19. Qh4 Nd7 20. Ng4 h5 21. Nf6+ Nxf6
22. Qxf6 Qd8 23. Qe5 Rc6 24. f5 gxf5 25. Rf3 h4 26. Rf4 Qg5 27. Rf3 f6 28. Qf4
Qxf4 29. exf4 Rac8 0-1

[Event "Women's Speed Chess Q2"]
[Site "chess.com INT"]
[Date "2020.06.19"]
[Round "8"]
[White "Batsiashvili, Nino"]
[Black "Eswaran, Ashritha"]
[Result "1-0"]
[WhiteTitle "GM"]
[BlackTitle "WIM"]
[WhiteElo "2457"]
[BlackElo "2244"]
[WhiteFideId "13602993"]
[BlackFideId "2080788"]
[EventDate "2020.06.19"]

1. d4 Nf6 2. Nf3 e6 3. Bf4 c5 4. e3 Nc6 5. Nbd2 d5 6. c3 Bd6 7. Bg3 O-O 8. Bd3
b6 9. Qe2 Bb7 10. Rd1 Re8 11. e4 Be7 12. e5 Nh5 13. h4 g6 14. Bh2 cxd4 15. Nxd4
Nxd4 16. cxd4 f5 17. exf6 Bxf6 18. g4 Ng7 19. h5 Bxd4 20. hxg6 Rf8 21. Bg3 e5
22. Rxh7 e4 23. Nxe4 Rc8 24. Qd2 Re8 25. Qh6 Kf8 26. Bh4 Qxh4 27. Qxh4 dxe4 28.
Rh8# 1-0

[Event "Women's Speed Chess Q2"]
[Site "chess.com INT"]
[Date "2020.06.19"]
[Round "8"]
[White "Koridze, Lile"]
[Black "Sukandar, Irine Kharisma"]
[Result "1/2-1/2"]
[WhiteTitle "WFM"]
[BlackTitle "IM"]
[WhiteElo "1996"]
[BlackElo "2413"]
[WhiteFideId "13612514"]
[BlackFideId "7101937"]
[EventDate "2020.06.19"]

1. d4 Nf6 2. c4 c5 3. d5 b5 4. cxb5 a6 5. bxa6 g6 6. Nc3 Bxa6 7. g3 Bg7 8. Bg2
d6 9. Nf3 O-O 10. O-O Nbd7 11. Re1 Qa5 12. e4 Ng4 13. Bf4 Rfb8 14. Rb1 Bxc3 15.
bxc3 Qxa2 16. Nd2 Rxb1 17. Qxb1 Qxb1 18. Nxb1 Nge5 19. Rd1 Be2 20. Re1 Bb5 21.
Nd2 h5 22. Rb1 Bd3 23. Rc1 Ra2 24. Nf3 Nxf3+ 25. Bxf3 Nf6 26. e5 dxe5 27. Bxe5
Be4 28. Bxf6 Bxf3 29. Bxe7 Bxd5 30. Bxc5 g5 31. Bd4 g4 32. c4 Bc6 33. Re1 Rc2
34. c5 Bf3 1/2-1/2

[Event "Women's Speed Chess Q2"]
[Site "chess.com INT"]
[Date "2020.06.19"]
[Round "8"]
[White "Putri, Regita Desyari"]
[Black "Padmini, Rout"]
[Result "0-1"]
[WhiteTitle "WFM"]
[BlackTitle "IM"]
[WhiteElo "1897"]
[BlackElo "2370"]
[WhiteFideId "7109083"]
[BlackFideId "5029295"]
[EventDate "2020.06.19"]

1. d4 Nf6 2. c4 e6 3. Nf3 d5 4. Nc3 c5 5. cxd5 Nxd5 6. e4 Nxc3 7. bxc3 cxd4 8.
cxd4 Bb4+ 9. Bd2 Bxd2+ 10. Qxd2 O-O 11. Bd3 Nc6 12. e5 Qa5 13. Qxa5 Nxa5 14. Ke2
Bd7 15. Rac1 Rac8 16. Kd2 h6 17. Rxc8 Rxc8 18. Rc1 Rxc1 19. Kxc1 Bc6 20. Ne1 Bd5
21. Kb2 Nc6 22. Kc3 Bxa2 23. f3 Bd5 24. Nc2 Kf8 25. Bb5 Ne7 26. Ne3 Bc6 27. Bd3
Nd5+ 28. Nxd5 Bxd5 29. Kb4 Ke7 30. Kc5 Kd7 31. Bb5+ Kc7 32. Be8 f6 33. exf6 gxf6
34. Bb5 a6 35. Bd3 b6+ 36. Kb4 a5+ 37. Ka3 Bc6 38. Be2 Kd6 39. Bc4 b5 40. Ba2
Bd5 41. Bb1 Bc4 42. Be4 Bd5 43. Bd3 f5 44. Bxb5 Bc6 45. Bc4 f4 46. Bb5 Bxb5 0-1

[Event "Women's Speed Chess Q2"]
[Site "chess.com INT"]
[Date "2020.06.19"]
[Round "8"]
[White "Thipsay, Bagyashree Sathe"]
[Black "Castillo Pena, Patricia Evarista"]
[Result "0-1"]
[WhiteTitle "WIM"]
[BlackTitle "WCM"]
[WhiteElo "2072"]
[BlackElo "1770"]
[WhiteFideId "5001013"]
[BlackFideId "6412106"]
[EventDate "2020.06.19"]

1. e4 c5 2. Nf3 d6 3. d4 cxd4 4. Nxd4 Nf6 5. Nc3 a6 6. Be2 e5 7. Nb3 Be7 8. O-O
Nbd7 9. Kh1 b5 10. a4 b4 11. Nd5 Nxd5 12. exd5 O-O 13. c4 bxc3 14. bxc3 Bb7 15.
c4 Rb8 16. Be3 f5 17. f3 Bf6 18. Rb1 Qc7 19. Qd2 Rfc8 20. Rfc1 Qd8 21. c5 Nxc5
22. Bxc5 dxc5 23. d6 Bg5 24. Qd1 Bxc1 25. Rxc1 Rc6 26. Nxc5 Rxd6 27. Qb3+ Bd5
28. Qc3 e4 29. Bc4 exf3 30. Bxd5+ Rxd5 31. Qxf3 Rc8 0-1

[Event "Women's Speed Chess Q2"]
[Site "chess.com INT"]
[Date "2020.06.19"]
[Round "8"]
[White "Chen, Yining"]
[Black "Zavivaeva, Evelina"]
[Result "1-0"]
[WhiteTitle "WCM"]
[BlackTitle "WCM"]
[WhiteElo "1745"]
[BlackElo "1619"]
[WhiteFideId "8620946"]
[BlackFideId "44127839"]
[EventDate "2020.06.19"]

1. d4 Nf6 2. c4 c5 3. d5 b5 4. cxb5 a6 5. b6 Qxb6 6. Nc3 Bb7 7. e4 d6 8. Nf3 g6
9. Be2 Bg7 10. O-O O-O 11. Qc2 Nbd7 12. a4 a5 13. Bb5 Rfb8 14. Be3 Ba6 15. Nd2
Ng4 16. Nc4 Qb7 17. Bd2 Qc7 18. h3 Nge5 19. Bxa6 Rxa6 20. Nb5 Qd8 21. f4 Nxc4
22. Qxc4 Nb6 23. Qc2 Bd4+ 24. Nxd4 cxd4 25. Qd3 Ra7 26. Qxd4 Qc7 27. Rfc1 Qb7
28. Be3 Raa8 29. Rc6 Nd7 30. Rc2 Qb4 31. Rac1 Qxd4 32. Bxd4 f6 33. Rc7 Nf8 34.
Rxe7 Rb4 35. Bxf6 1-0

[Event "Women's Speed Chess Q2"]
[Site "chess.com INT"]
[Date "2020.06.19"]
[Round "8"]
[White "Priyanka, K"]
[Black "Dordzhieva, Dinara"]
[Result "1/2-1/2"]
[WhiteTitle "WIM"]
[BlackTitle "WIM"]
[WhiteElo "2218"]
[BlackElo "2354"]
[WhiteFideId "5082986"]
[BlackFideId "24157570"]
[EventDate "2020.06.19"]

1. e4 c5 2. Nf3 d6 3. d4 cxd4 4. Nxd4 Nf6 5. Nc3 a6 6. Be2 e6 7. O-O Be7 8. f4
O-O 9. Be3 Nc6 10. a4 Nxd4 11. Qxd4 Bd7 12. f5 e5 13. Qd3 Bc6 14. Bf3 Rc8 15.
Rad1 Qc7 16. g4 h6 17. h4 Nh7 18. Bf2 Rfd8 19. Rd2 b5 20. axb5 axb5 21. Nxb5 Qb7
22. c4 Bxb5 23. cxb5 Nf8 24. Qd5 Qxd5 25. Rxd5 Rc2 26. Rb1 Rb8 27. b6 Nd7 28.
Rb5 Bd8 29. Rd1 Bxb6 30. Bxb6 Rxb6 31. Rxb6 Nxb6 32. Rxd6 Rxb2 33. Rd8+ Kh7 34.
g5 hxg5 35. hxg5 Nc4 36. Bh5 g6 37. fxg6+ fxg6 38. Rd7+ Kg8 39. Bxg6 Ne3 40. Re7
Rg2+ 41. Kh1 Rxg5 1/2-1/2

[Event "Women's Speed Chess Q2"]
[Site "chess.com INT"]
[Date "2020.06.19"]
[Round "8"]
[White "Charochkina, Daria"]
[Black "Goryachkina, Aleksandra"]
[Result "0-1"]
[WhiteTitle "IM"]
[BlackTitle "GM"]
[WhiteElo "2356"]
[BlackElo "2582"]
[WhiteFideId "4180917"]
[BlackFideId "4147103"]
[EventDate "2020.06.19"]

1. b3 d5 2. Bb2 Bf5 3. Nf3 e6 4. g3 Nf6 5. Bg2 Be7 6. O-O h6 7. d3 c5 8. Nbd2
Nc6 9. Re1 O-O 10. e4 Bh7 11. Qe2 Rc8 12. a3 Qc7 13. e5 Nd7 14. c4 Nb6 15. Rac1
Rfd8 16. h4 Qd7 17. cxd5 Nxd5 18. Ne4 b6 19. Red1 Rc7 20. Rc2 Qc8 21. Bh3 Qa6
22. Rc4 Na5 23. Ra4 b5 24. Rxa5 Qxa5 25. Nfd2 Qb6 26. Qg4 Bf5 0-1

[Event "Women's Speed Chess Q2"]
[Site "chess.com INT"]
[Date "2020.06.19"]
[Round "8"]
[White "Aakanksha, Hagawane"]
[Black "Juhasz, Barbara"]
[Result "1-0"]
[WhiteTitle "WIM"]
[BlackTitle "WIM"]
[WhiteElo "2238"]
[BlackElo "2223"]
[WhiteFideId "25014510"]
[BlackFideId "743585"]
[EventDate "2020.06.19"]

1. e4 c5 2. Nf3 Nc6 3. d4 cxd4 4. Nxd4 Qb6 5. Nb3 Nf6 6. Nc3 e6 7. Bd3 a6 8. Be3
Qc7 9. O-O Be7 10. f4 d6 11. Kh1 O-O 12. Qf3 b5 13. a3 Rb8 14. Qg3 b4 15. axb4
Nxb4 16. Rad1 Nxd3 17. Rxd3 a5 18. f5 Ba6 19. Rfd1 Bxd3 20. Rxd3 a4 21. Nd2 Rxb2
22. Bh6 Nh5 23. Qg4 Rxc2 24. Ne2 Rc1+ 25. Ng1 Qb6 26. Nf3 Rf1 27. Qxh5 gxh6 28.
Qxh6 Qb2 29. e5 exf5 30. Nd2 Rxg1+ 31. Kxg1 Qxe5 32. h3 Qf6 33. Qf4 Ra8 34. Ra3 1-0

[Event "Women's Speed Chess Q2"]
[Site "chess.com INT"]
[Date "2020.06.19"]
[Round "8"]
[White "Cori T., Deysi"]
[Black "Yu, Jennifer"]
[Result "1-0"]
[WhiteTitle "WGM"]
[BlackTitle "FM"]
[WhiteElo "2388"]
[BlackElo "2315"]
[WhiteFideId "3801934"]
[BlackFideId "2078341"]
[EventDate "2020.06.19"]

1. d4 d5 2. c4 e6 3. Nc3 a6 4. a4 Bb4 5. e3 Nf6 6. Bd2 O-O 7. cxd5 exd5 8. Nf3
c6 9. Be2 Bf5 10. O-O Nbd7 11. Qb3 a5 12. Na2 Bxd2 13. Nxd2 Nb6 14. Nc3 Re8 15.
Rac1 Nfd7 16. Rfe1 Qg5 17. Bf3 Re7 18. Ne2 Rae8 19. Nf1 Nc4 20. Neg3 Bg6 21.
Qxb7 Nde5 22. Qb3 Nd3 23. Be2 Nxe1 24. Rxe1 Nd6 25. Rc1 Rb7 26. Qa3 Nc4 27. Bxc4
dxc4 28. Rxc4 Qd5 29. Nd2 h6 30. Rc5 Qd6 31. Qc3 Reb8 32. Rxc6 Qb4 33. Rc8+ Rxc8
34. Qxc8+ Kh7 35. Nf3 Qxb2 36. h4 Qa1+ 37. Kh2 Rb1 38. h5 Bxh5 39. Nxh5 1-0

[Event "Women's Speed Chess Q2"]
[Site "chess.com INT"]
[Date "2020.06.19"]
[Round "8"]
[White "Nurmanova, Alua"]
[Black "Munkhzul, Davaakhuu"]
[Result "1-0"]
[WhiteTitle "WFM"]
[BlackTitle "WFM"]
[WhiteElo "2026"]
[BlackElo "1991"]
[WhiteFideId "13729390"]
[BlackFideId "4902815"]
[EventDate "2020.06.19"]

1. e4 e5 2. Nf3 Nc6 3. Bb5 a6 4. Ba4 Nf6 5. Qe2 b5 6. Bb3 Bc5 7. O-O d6 8. h3
O-O 9. c3 Bb7 10. Rd1 Ne7 11. d4 exd4 12. cxd4 Bb6 13. e5 Ne4 14. Nc3 Nxc3 15.
bxc3 Ng6 16. e6 fxe6 17. Bxe6+ Kh8 18. Ng5 Nf4 19. Bxf4 Rxf4 20. Qh5 h6 21. Nf7+
Rxf7 22. Bxf7 Qf6 23. Re1 Bc6 24. Re6 Qf4 25. g3 Qd2 26. Rd1 Qc2 27. Bg6 Qxc3
28. Bf5 Bxd4 29. Rxh6+ gxh6 30. Qxh6+ Kg8 31. Be6# 1-0

[Event "Women's Speed Chess Q2"]
[Site "chess.com INT"]
[Date "2020.06.19"]
[Round "8"]
[White "Lee, Dariya"]
[Black "Mikheeva, Galina"]
[Result "0-1"]
[WhiteTitle "WCM"]
[BlackTitle "WFM"]
[WhiteElo "1523"]
[BlackElo "1901"]
[WhiteFideId "13801651"]
[BlackFideId "44108320"]
[EventDate "2020.06.19"]

1. c4 Nf6 2. Nc3 e6 3. g3 d6 4. Bg2 c5 5. Nf3 Nbd7 6. O-O Be7 7. d3 O-O 8. Be3
Rb8 9. a3 b6 10. b4 Bb7 11. Rb1 d5 12. cxd5 exd5 13. d4 c4 14. Bg5 Ne4 15. Bxe7
Qxe7 16. Nxe4 dxe4 17. Nd2 b5 18. Rc1 Nf6 19. e3 a6 20. Re1 Rbc8 21. Bh3 Rc7 22.
Nb1 Rd8 23. Nc3 Bc8 24. Bxc8 Rcxc8 0-1

[Event "Women's Speed Chess Q2"]
[Site "chess.com INT"]
[Date "2020.06.19"]
[Round "8"]
[White "Doluhanova, Evgeniya"]
[Black "Solozhenkina, Elizaveta"]
[Result "0-1"]
[WhiteTitle "WGM"]
[BlackTitle "WIM"]
[WhiteElo "2229"]
[BlackElo "2301"]
[WhiteFideId "14112035"]
[BlackFideId "34106615"]
[EventDate "2020.06.19"]

1. e4 c6 2. d4 d5 3. exd5 cxd5 4. Bd3 Nc6 5. c3 g6 6. Bf4 Bg7 7. Nf3 Nh6 8. Qb3
O-O 9. O-O b6 10. Qa4 Bb7 11. Nbd2 a6 12. Rfe1 Re8 13. h3 b5 14. Qb3 Qd7 15. a4
Na5 16. Qc2 Nc4 17. Nb3 Bc6 18. Nc5 Qc8 19. b3 Nd6 20. Ne5 bxa4 21. Nxc6 Qxc6
22. Rxa4 Nb5 23. Rea1 Nc7 24. Bxa6 Nxa6 25. Rxa6 Rxa6 26. Rxa6 Qc8 27. Qd3 e5
28. Bxh6 Bxh6 29. Ra1 e4 30. Qg3 e3 31. fxe3 Rxe3 32. Kh1 Rxg3 0-1

[Event "Women's Speed Chess Q2"]
[Site "chess.com INT"]
[Date "2020.06.19"]
[Round "8"]
[White "Chitlange, Sakshi"]
[Black "Injac, Teodora"]
[Result "1-0"]
[WhiteTitle "WIM"]
[BlackTitle "WIM"]
[WhiteElo "2167"]
[BlackElo "2286"]
[WhiteFideId "35002899"]
[BlackFideId "932400"]
[EventDate "2020.06.19"]

1. d4 Nf6 2. c4 g6 3. Nc3 Bg7 4. e4 d6 5. Be2 O-O 6. Bg5 c5 7. d5 h6 8. Be3 e6
9. Qd2 exd5 10. exd5 Kh7 11. h4 h5 12. Nf3 Bf5 13. O-O Na6 14. Bf4 Nc7 15. Rfe1
Re8 16. Bd3 Bxd3 17. Qxd3 Qd7 18. Ng5+ Kg8 19. Nce4 Nxe4 20. Nxe4 Qf5 21. Bxd6
Na6 22. Nxc5 Qg4 23. Nxa6 bxa6 24. Bg3 Bxb2 25. Rab1 Bf6 26. d6 Bxh4 27. Bxh4
Qxh4 28. Rxe8+ Rxe8 29. c5 Qa4 30. d7 Rd8 31. Rd1 Qc6 32. Qd6 Qxd6 33. Rxd6 Kf8
34. c6 Ke7 35. Rd3 1-0

[Event "Women's Speed Chess Q2"]
[Site "chess.com INT"]
[Date "2020.06.19"]
[Round "8"]
[White "Osmanodja, Filiz"]
[Black "Bivol, Alina"]
[Result "1-0"]
[WhiteTitle "WGM"]
[BlackTitle "WGM"]
[WhiteElo "2293"]
[BlackElo "2386"]
[WhiteFideId "24633569"]
[BlackFideId "4100123"]
[EventDate "2020.06.19"]

1. e4 e6 2. d4 d5 3. Nc3 Bb4 4. exd5 exd5 5. Bd3 Nf6 6. Nf3 Nc6 7. O-O O-O 8.
Ne2 h6 9. Ng3 Bg4 10. c3 Bd6 11. h3 Be6 12. Nf5 Bxf5 13. Bxf5 Re8 14. Nh2 Ne4
15. Ng4 Qh4 16. Qf3 h5 17. Ne3 Ne7 18. g3 Qg5 19. h4 Qf6 20. Bxe4 dxe4 21. Qxe4
Ng6 22. Qxb7 Nxh4 23. gxh4 Qxh4 24. Qg2 Re6 25. Nf5 Qf6 26. d5 Re5 27. Nh6+ Kf8
28. f4 1-0

[Event "Women's Speed Chess Q2"]
[Site "chess.com INT"]
[Date "2020.06.19"]
[Round "8"]
[White "Meenakshi, Subbaraman"]
[Black "Morris-Suzuki, Sophie"]
[Result "0-1"]
[WhiteTitle "WGM"]
[BlackTitle "WFM"]
[WhiteElo "2171"]
[BlackElo "2043"]
[WhiteFideId "5004381"]
[BlackFideId "30922615"]
[EventDate "2020.06.19"]

1. d4 Nf6 2. c4 e6 3. Nf3 b6 4. Nc3 Bb4 5. Bd2 Ba6 6. e3 O-O 7. Bd3 d5 8. Qe2 c5
9. O-O Bb7 10. Rfd1 Nbd7 11. dxc5 Nxc5 12. Nxd5 Nxd5 13. Bxb4 Nxb4 14. Bxh7+
Kxh7 15. Rxd8 Raxd8 16. Ng5+ Kh6 17. Qg4 f5 18. Qh4+ Kg6 19. f4 Rd2 20. Nf3 Bxf3
21. gxf3 Kf7 22. a3 Nbd3 23. b4 Nb3 24. Rb1 Nbc1 25. Qh5+ Ke7 26. Qg5+ Kf7 27.
Qh5+ Kg8 28. Kh1 Rf6 29. Qe8+ Kh7 30. c5 Rh6 31. Rxc1 Rhxh2+ 32. Kg1 Nxc1 33.
Qxe6 Rhg2+ 34. Kh1 Rh2+ 35. Kg1 Rdg2+ 36. Kf1 Rf2+ 37. Kg1 Ne2# 0-1

[Event "Women's Speed Chess Q2"]
[Site "chess.com INT"]
[Date "2020.06.19"]
[Round "8"]
[White "Shafigullina, Zarina"]
[Black "Hng, Mei-En Emmanuelle"]
[Result "0-1"]
[WhiteTitle "WFM"]
[BlackTitle "WFM"]
[WhiteElo "2296"]
[BlackElo "2029"]
[WhiteFideId "24174220"]
[BlackFideId "5804566"]
[EventDate "2020.06.19"]

1. d4 Nf6 2. Nf3 c5 3. g3 cxd4 4. Nxd4 Nc6 5. Bg2 e6 6. c4 Bb4+ 7. Bd2 Be7 8.
Bc3 O-O 9. Nd2 d5 10. O-O Bd7 11. b3 Rc8 12. Bb2 Qb6 13. e3 Rfd8 14. cxd5 Nxd5
15. Nc4 Qc7 16. Rc1 Qb8 17. Qe2 b5 18. Nd2 a6 19. Rfd1 Ne5 20. Ne4 Rxc1 21. Rxc1
Rc8 22. Rxc8+ Qxc8 23. Nxe6 Bxe6 24. Bxe5 Qc1+ 25. Qf1 Qc2 26. Bd6 Bxd6 27. Nxd6
Qxa2 28. Qd3 Qa1+ 29. Bf1 Qe5 30. Nb7 Qc7 31. e4 Qxb7 32. exd5 Qxd5 0-1

[Event "Women's Speed Chess Q2"]
[Site "chess.com INT"]
[Date "2020.06.19"]
[Round "8"]
[White "Khomeriki, Nino"]
[Black "Harika, Dronavalli"]
[Result "0-1"]
[WhiteTitle "WGM"]
[BlackTitle "GM"]
[WhiteElo "2319"]
[BlackElo "2515"]
[WhiteFideId "13603191"]
[BlackFideId "5015197"]
[EventDate "2020.06.19"]

1. d4 Nf6 2. c4 d6 3. Nf3 g6 4. g3 Bg7 5. Bg2 O-O 6. Nc3 Nbd7 7. O-O e5 8. e4
exd4 9. Nxd4 Nc5 10. Re1 Re8 11. f3 Nfd7 12. Be3 Ne5 13. b3 a5 14. Qe2 f5 15.
Rad1 fxe4 16. Ndb5 exf3 17. Bxf3 Bd7 18. Bxc5 dxc5 19. Bxb7 Rb8 20. Qg2 Kh8 21.
Be4 Rf8 22. Kh1 Qg5 23. Nxc7 Bg4 24. Rd5 Qf6 25. h3 Bf3 26. Bxf3 Nxf3 27. Rf1
Qxc3 28. Ne6 Rf7 29. Nxc5 Re8 30. Rd7 Rxd7 31. Nxd7 Ne1 32. Qf2 Qe3 33. Qxe3
Rxe3 34. c5 Nc2 35. c6 Rc3 36. Re1 Nxe1 0-1